| 000 | | | 04510nmc2a22000003x 450 |
| 001 | | | be358fdd-0d9c-4188-836b-0a3aa8b26f33 |
| 005 | | | 20180706094210.0 |
| 100 | ## | $a | 20160928l18491849k l0rusy0189 ca |
| 101 | 0# | $a | rus |
| 102 | ## | $a | RU |
| 200 | 1# | $a | Дело по представлению Вятского гражданского губернатора о дозволении исключенному из семинарии Александру Любовику и иеромонаху Вятского Архирейского дома Серафиму отправиться в Иерусалим и на Афонские горы |
| | $j | 7-15 октября 1849 г. |
| 251 | ## | $c | Дело |
| 300 | ## | $a | Дело |
| 300 | ## | $a | Ориг. заголовок дела: Дело по представлению Вятского гражданского губернатора о дозволении исключенному из семинарии Алексею Любовикову и иеромонаху Вятского Архиерейского дома Серафиму отправиться в Иерусалим и на Афонские горы для поклонения святым местам. 7 октября 1849 г. - 15 октября 1849 г |
| 801 | #0 | $a | RU |
| | $b | РГИА |
| | $c | 20160928 |
| | $g | RCR |
| 801 | #1 | $a | RU |
| | $b | ГлавНИВЦ |
| | $c | 20160928 |
| | $2 | rusmarc |
| 801 | #2 | $a | RU |
| | $b | ПБ им. Б.Н. Ельцина |
| | $c | 20180706 |
| | $g | RCR |
| | $2 | rusmarc |
| 850 | ## | $a | РГИА |
| 852 | ## | $a | РГИА |
| | $e | Федеральное казенное учреждение "Российский государственный исторический архив" (РГИА) |
| | $j | 503 |
| 937 | ## | $h | РГИА |
| | $d | 12214643 |
| | $a | ASBIBLIO_SCAN |
| 462 | #0 | $1 | 0011f2612a5-dcc7-4853-9c3b-606260869072 |
| | $1 | 2001 |
| | $a | 1848-1849 гг. Дела Департамента полиции исполнительной МВД за 1849 г. |
| | $1 | 251 |
| | $c | Опись |
| | $1 | 852 |
| | $j | 11 |
| 461 | #0 | $1 | 0013e300ed0-cd39-49af-8489-5ba5b90fa401 |
| | $1 | 2001 |
| | $a | Департамент полиции исполнительной МВД |
| | $1 | 251 |
| | $c | Фонд |
| | $1 | 852 |
| | $j | 1286 |
| 215 | ## | $a | 5 л. |
| | $d | 36,5х26 см |
| 371 | ## | $a | Документ не является опубликованным и широко распространяемым |
| 105 | ## | $a | y### |
| 122 | 2# | $a | d |
| 517 | 1# | $a | Дело по представлению Вятского гражданского губернатора о дозволении исключенному из семинарии Алексею Любовикову и иеромонаху Вятского Архиерейского дома Серафиму отправиться в Иерусалим и на Афонские горы для поклонения святым местам. 7 октября 1849 г. - 15 октября 1849 г |
| 035 | ## | $a | be358fdd-0d9c-4188-836b-0a3aa8b26f33 |
| 856 | ## | $u | http://readingroom.main.prlib.ru/item.aspx?id_node=n116772469&mode=full |